The Right thing to do : (Record no. 595)

MARC details
000 -LEADER
fixed length control field 00577nam a22002057a 4500
005 - DATE AND TIME OF LATEST TRANSACTION
control field 20250420134817.0
008 - FIXED-LENGTH DATA ELEMENTS--GENERAL INFORMATION
fixed length control field 200811b ||||| |||| 00| 0 eng d
020 ## - INTERNATIONAL STANDARD BOOK NUMBER
International Standard Book Number 9789814577403
040 ## - CATALOGING SOURCE
Transcribing agency KCST
082 ## - DEWEY DECIMAL CLASSIFICATION NUMBER
Classification number 170
Item number Ra Ri
100 ## - MAIN ENTRY--PERSONAL NAME
Personal name Rachels, Stuart
9 (RLIN) 5034
245 ## - TITLE STATEMENT
Title The Right thing to do :
Remainder of title basic readings in moral philosophy /
Statement of responsibility, etc. Stuart Rachels (Ed.), James Rachels
250 ## - EDITION STATEMENT
Edition statement 7th edition
Remainder of edition statement Int. ed.
260 ## - PUBLICATION, DISTRIBUTION, ETC.
Place of publication, distribution, etc. New York:
Name of publisher, distributor, etc. McGraw-Hill,
Date of publication, distribution, etc. 2015.
300 ## - PHYSICAL DESCRIPTION
Extent 382 p.
650 ## - SUBJECT ADDED ENTRY--TOPICAL TERM
Topical term or geographic name entry element Moral
9 (RLIN) 4938
700 ## - ADDED ENTRY--PERSONAL NAME
Personal name Rachels, James
9 (RLIN) 5035
942 ## - ADDED ENTRY ELEMENTS (KOHA)
Koha item type Book
942 ## - ADDED ENTRY ELEMENTS (KOHA)
Source of classification or shelving scheme Dewey Decimal Classification
Holdings
Withdrawn status Lost status Source of classification or shelving scheme Damaged status Not for loan Home library Current library Date acquired Source of acquisition Cost, normal purchase price Total checkouts Full call number Barcode Date last seen Price effective from Koha item type
    Dewey Decimal Classification     KCST Library KCST Library 11/08/2020 Unknown 0.00   170 Ra Ri 1000000515 11/08/2020 11/08/2020 Book
© 2025 KCST. All rights reserved